[Event "Challenge"]
[Site "http://www.queenalice.com/game.php?id=799759"]
[Date "2010.7.6"]
[Round "-"]
[White "canderson22"]
[Black "RJohnson"]
[Result "1-0"]
[WhiteElo "1358"]
[BlackElo "1387"]

1. e4 e5 2. Bc4 Nh6 3. Qf3 Qe7 4. b3 Nc6 5. g4 Nd4 6. Qc3 d6 7. f3 b6 8. f4 Nxg4
9. fxe5 Qxe5 10. Qd3 Be7 11. h4 Nf3+ 12. Nxf3 Qg3+ 13. Kf1 Nf2 14. Rg1 Bh3+ 15.
Ke2 Qxg1 16. Nxg1 Nxd3 17. cxd3 Bf6 18. Nc3 Bg4+ 19. Nf3 Bxh4 20. Nd5 O-O 21.
Nxc7 Rac8 22. Nd5 f5 23. Ne7+ Kh8 24. Nxc8 Rxc8 25. Ke3 f4+ 26. Kxf4 Bxf3 27.
Kxf3 Rf8+ 28. Kg2 Rf2+ 29. Kh3 g5 30. Bb2+ 1-0

[Event "RJohnson"]
[Site "http://www.queenalice.com/game.php?id=809516"]
[Date "2010.7.27"]
[Round "-"]
[White "foda"]
[Black "RJohnson"]
[Result "1-0"]
[WhiteElo "1473"]
[BlackElo "1432"]

1. Nf3 Nc6 2. d4 d5 3. Nc3 Nf6 4. g3 b6 5. Bg2 Ng4 6. Bh3 Nxf2 7. Kxf2 Bxh3 8.
Ne5 Nxe5 9. dxe5 d4 10. Nb5 Qd7 11. Qxd4 Qf5+ 12. Bf4 Rd8 13. Qc3 Rd7 14. Nxc7+
Kd8 15. Rad1 g5 16. Qc6 Rg8 17. e6 1-0

[Event "Challenge"]
[Site "http://www.queenalice.com/game.php?id=822992"]
[Date "2010.8.25"]
[Round "-"]
[White "twmoore"]
[Black "RJohnson"]
[Result "1-0"]
[WhiteElo "1558"]
[BlackElo "1383"]

1. c4 Nf6 2. d4 Nc6 3. Nf3 Ne4 4. a3 b6 5. Nc3 Nxf2 6. Kxf2 Bb7 7. d5 Na5 8. e3
Nxc4 9. Bxc4 g6 10. e4 Bg7 11. Qb3 O-O 12. Bf4 e5 13. Nxe5 1-0

[Event "Challenge"]
[Site "http://www.queenalice.com/game.php?id=822994"]
[Date "2010.8.25"]
[Round "-"]
[White "gnoll"]
[Black "RJohnson"]
[Result "1-0"]
[WhiteElo "1289"]
[BlackElo "1429"]

1. e4 e5 2. Bc4 c6 3. b3 d5 4. exd5 cxd5 5. Bb5+ Bd7 6. Bxd7+ Nxd7 7. Nc3 Qa5 8.
b4 Qxb4 9. Nxd5 Qe4+ 10. Ne3 Qd4 11. Rb1 O-O-O 12. Nf3 Qa4 13. a3 Bxa3 14. Rb3
Bxc1 15. Rc3+ Kb8 16. Qxc1 g6 17. g4 Ngf6 18. Ng5 Rdf8 19. O-O Nxg4 20. Rc4 Qb5
21. Rxg4 f5 22. Rg2 Nc5 23. c4 Qc6 24. Nd5 Nd3 25. Qc3 Nf4 26. Qxe5+ Kc8 27.
Qxf4 a5 28. Ne7+ Kd7 29. Nxc6 bxc6 30. Qd4+ Ke7 31. Re1# 1-0

[Event "Challenge"]
[Site "http://www.queenalice.com/game.php?id=827338"]
[Date "2010.9.3"]
[Round "-"]
[White "RJohnson"]
[Black "gnoll"]
[Result "0-1"]
[WhiteElo "1407"]
[BlackElo "1311"]

1. e4 g6 2. Nf3 d5 3. Nc3 d4 4. Nb5 e6 5. Nfxd4 a6 6. Nc3 Qxd4 7. Ne2 Qxe4 8. d3
Qb4+ 9. c3 Qe7 10. b3 Bg7 11. Bb2 Nf6 12. Nf4 c5 13. Ba3 e5 14. Nd5 Bg4 15. f3
Nxd5 16. fxg4 Ne3 17. Qd2 Nxg4 18. c4 O-O 19. h3 Qh4+ 20. Kd1 Nf2+ 21. Ke2 Nxh1
22. Kd1 Bh6 23. Qe1 Qd4 24. Be2 Qxa1+ 0-1

[Event "AUTO-INT-2481"]
[Site "http://www.queenalice.com/game.php?id=1120640"]
[Date "2012.11.10"]
[Round "1"]
[White "RJohnson"]
[Black "agilulfo"]
[Result "0-1"]
[WhiteElo "1357"]
[BlackElo "1752"]

1. e4 c5 2. d3 d6 3. f3 Nf6 4. Ne2 g6 5. Be3 Bg7 6. c4 a6 7. Nbc3 e6 8. Nf4 O-O
9. Qb3 Bd7 10. O-O-O b5 0-1

[Event "AUTO-INT-2481"]
[Site "http://www.queenalice.com/game.php?id=1120644"]
[Date "2012.11.10"]
[Round "1"]
[White "RJohnson"]
[Black "flanny"]
[Result "0-1"]
[WhiteElo "1374"]
[BlackElo "1686"]

1. e4 e5 2. Nc3 c5 3. Nf3 Nc6 4. Nd5 Nf6 5. d3 d6 6. c4 Bg4 7. h3 Bxf3 8. Qxf3
Nd4 9. Qd1 b5 10. cxb5 Nxd5 11. exd5 Be7 0-1

[Event "AUTO-INT-2481"]
[Site "http://www.queenalice.com/game.php?id=1120645"]
[Date "2012.11.10"]
[Round "1"]
[White "flanny"]
[Black "RJohnson"]
[Result "1-0"]
[WhiteElo "1690"]
[BlackElo "1370"]

1. e4 Nc6 2. Bc4 e6 3. Nf3 d5 4. Bd3 Bc5 5. exd5 exd5 6. O-O Bg4 7. h3 Bxf3 8.
Qxf3 Nd4 9. Qg3 Qe7 10. Nc3 Bb4 11. Nxd5 1-0

[Event "Let's Play Chess!"]
[Site "http://www.queenalice.com/game.php?id=1636127"]
[Date "2020.12.11"]
[Round "-"]
[White "RJohnson"]
[Black "igorjava"]
[Result "0-1"]
[WhiteElo "1391"]
[BlackElo "1982"]

1. d4 d5 2. c4 c6 3. Nf3 Nd7 4. b3 Ngf6 5. Ng5 h6 6. Nf3 e6 7. Bd2 b6 8. Ne5 Bb7
9. f3 Bd6 10. Nxf7 Kxf7 11. g3 e5 12. e3 exd4 13. exd4 Re8+ 14. Be2 Qe7 15. O-O
Qxe2 0-1